Διονύσιος Σολωμός : ηθική μεγαλοφυΐα

Saved in:
Bibliographic Details
Main Author: Αθανασιάδης-Νόβας, Θεμιστοκλής, 1896-1961
Format: Book
Language:Greek
Published: Αθήνα : Αλφα, [1937].
Subjects:
Tags: Add Tag
No Tags, Be the first to tag this record!

MARC

LEADER 00000cam a2200000 i 4500
001 1/67804
008 990126s1937 gr | ||| |||| ||gre||
035 |l 10047541 
040 |a GR-MyUA  |b gre  |e AACR2 
041 0 |a gre 
082 0 |a 889.1092 
100 1 |a Αθανασιάδης-Νόβας, Θεμιστοκλής,   |d 1896-1961. 
245 1 0 |a Διονύσιος Σολωμός :   |b ηθική μεγαλοφυΐα /   |c Θεμ. Αθανασιάδη - Νόβα.  
260 |a Αθήνα :   |b Αλφα,   |c [1937].  
300 |a 23 σ. ;   |c 22 εκ.  
500 |a Ομιλία στην αίθουσα του "Παρνασσού" 6 Απριλίου 1937.  
600 1 0 |a Σολωμός, Διονύσιος,   |d 1798-1857. 
650 0 0 |a Poets, Greek. 
650 0 0 |a Speeches, addresses, etc. 
852 |a INST  |b SAMOS  |e 19990126  |h 889.1092 ΑΘΑ  |p 005300013457  |q 005300013457  |t BK  |y 0 
901 |a BIBL-1999-1